<?xml version="1.0" encoding="UTF-8"?>
<collection xmlns="http://www.loc.gov/MARC21/slim">
 <record>
  <leader>00567pamaa2200181   4500</leader>
  <controlfield tag="001">0000033002</controlfield>
  <controlfield tag="005">20121219090000.0</controlfield>
  <controlfield tag="008">121219                                  </controlfield>
  <datafield tag="020" ind1="0" ind2="0">
   <subfield code="a">0071180915 (pbk.) </subfield>
  </datafield>
  <datafield tag="090" ind1="0" ind2="0">
   <subfield code="a">LB1025.3 </subfield>
   <subfield code="b">ARE 2000</subfield>
  </datafield>
  <datafield tag="100" ind1="1" ind2="0">
   <subfield code="a">Arends </subfield>
  </datafield>
  <datafield tag="245" ind1="1" ind2="0">
   <subfield code="a">Learning to teach  </subfield>
   <subfield code="c">Richard I. Arends.</subfield>
  </datafield>
  <datafield tag="250" ind1="0" ind2="0">
   <subfield code="a">5th ed.</subfield>
  </datafield>
  <datafield tag="260" ind1="0" ind2="0">
   <subfield code="a">Dubuque, Iowa: </subfield>
   <subfield code="b">McGraw-Hill, </subfield>
   <subfield code="c">2000.</subfield>
  </datafield>
  <datafield tag="300" ind1=" " ind2=" ">
   <subfield code="a">xx, 506 p.: </subfield>
   <subfield code="b">ill. (some col.), col. map; </subfield>
   <subfield code="c">26 cm.</subfield>
  </datafield>
  <datafield tag="504" ind1="0" ind2="0">
   <subfield code="a">Includes bibliographical references ( p. 481-493) and indexes</subfield>
  </datafield>
  <datafield tag="650" ind1="0" ind2="0">
   <subfield code="a">Teaching </subfield>
  </datafield>
  <datafield tag="650" ind1="0" ind2="0">
   <subfield code="a">Effective teaching </subfield>
  </datafield>
 </record>
</collection>
